Why globalization works

Saved in:
Bibliographic Details
Main Author: Wolf, Martin
Format: Book
Language:English
Published: New Haven Yale University Press 2005
Series:Yale Nota Bene
Subjects:
Tags: Add Tag
No Tags, Be the first to tag this record!

MARC

LEADER 00000nam$a2200000$$$4500
001 0066322
005 20240312120107.5
020 |a 0-300-10777-3 
041 0 |a eng 
044 |a GB 
245 1 0 |a Why globalization works  |c Martin Wolf 
264 1 |a New Haven  |b Yale University Press  |c 2005 
300 |a 398 s. 
490 1 |a Yale Nota Bene 
830 0 |a Yale Nota Bene 
610 2 0 |a globalizácia 
610 2 0 |a globalizácia hospodárstva 
610 2 0 |a trh 
610 2 0 |a hospodárstvo trhové 
610 2 0 |a demokracia 
610 2 0 |a kritika 
610 2 0 |a integrácia ekonomická medzinárodná 
100 1 |a Wolf, Martin